Изобразительное искусство Советской Армении : живопись, графика, скульптура, декоративно-прикладное искусство: каталог выставки

Detalhes bibliográficos
Corporate Authors: Союз художников СССР, Союз художников Армении, Центральный дом художника (ЦДХ)
Outros Autores: Махмурян Т. Л. Татьяна Львовна (составитель)
Idioma:russo
Publicado em: Москва, Советский художник, 1985
Assuntos:
Formato: Livro
KOHA link:https://koha.lib.tpu.ru/cgi-bin/koha/opac-detail.pl?biblionumber=283902

MARC

LEADER 00000nam0a2200000 4500
001 283902
005 20231101235637.0
020 |a RU  |b 85-16411 
035 |a (RuTPU)RU\TPU\book\308040 
090 |a 283902 
100 |a 20150211d1985 m y0rusy5003 ca 
101 0 |a rus 
102 |a RU 
105 |a a z 001zy 
200 1 |a Изобразительное искусство Советской Армении : живопись, графика, скульптура, декоративно-прикладное искусство  |e каталог выставки  |f Союз художников СССР ; Союз художников Армении ; Центральный дом художника (ЦДХ) ; сост. Т. Л. Махмурян 
210 |a Москва  |c Советский художник  |d 1985 
215 |a [40] с.  |c ил. 
320 |a Список участников : с. 37-38 
320 |a Иллюстрациив каталоге : с. 39-40 
606 1 |a Изобразительное искусство  |2 stltpush  |3 (RuTPU)RU\TPU\subj\12291  |9 39102 
610 1 |a искусство 
610 1 |a Армения 
610 1 |a художники 
610 1 |a 20 век 
610 1 |a графика 
610 1 |a скульптура 
610 1 |a декоративно-прикладное искусство 
610 1 |a живопись 
610 1 |a каталоги 
675 |a 7(084)  |v 3 
702 1 |a Махмурян  |b Т. Л.  |g Татьяна Львовна  |4 220 
712 0 2 |a Союз художников СССР  |2 stltpush  |3 (RuTPU)RU\TPU\col\17468  |9 26636 
712 0 2 |a Союз художников Армении  |2 stltpush  |3 (RuTPU)RU\TPU\col\22997 
712 0 2 |a Центральный дом художника (ЦДХ)  |c (Москва)  |2 stltpush  |3 (RuTPU)RU\TPU\col\17469 
801 0 |a RU  |b RuMRKP  |c 19950704  |g psbo 
801 1 |a RU  |b 63413507  |c 20150211 
801 2 |a RU  |b 63413507  |c 20170828  |g RCR 
942 |c BK